000 00572nam a2200193Ia 4500
003 GCL
008 140319s9999 xx 000 0 ara d
020 _a1027552061
040 _aGCL /
_cGCL
082 0 4 _aط
_b813
_bن ب
100 1 _aنهى طيارة حمود
245 1 0 _aالبرغشة الشقية /
_cنهى طيارة حمود
260 _aبيروت :
_bدار الكتاب العالمى ،
_c1997
300 _a:
_bايض ؛
_c21 سم
650 0 4 _aالاطفال
650 0 4 _aقصص الاطفال
650 0 4 _aادب الاطفال
942 _2ddc
_cBK
999 _c9143
_d9143